Optimalizácia nákladov ako spôsob zvýšenia ziskovosti podnikov bakalárska práca

Saved in:
Bibliographic Details
Main Author: Regásková, Denisa
Corporate Author: Fakulta hospodárskej informatiky EU. Katedra účtovníctva a audítorstva
Other Authors: Melicherová, Ingrid, 1971-
Format: Book
Language:Slovak
Published: Bratislava 2013
Tags: Add Tag
No Tags, Be the first to tag this record!

MARC

LEADER 00000nbm a2200000 4500
001 0173239
005 20161109112148.6
041 0 |a slo 
044 |a SK 
245 1 0 |a Optimalizácia nákladov ako spôsob zvýšenia ziskovosti podnikov  |b bakalárska práca  |c Denisa Regásková ; školiteľ: Ingrid Melicherova 
264 1 |a Bratislava  |c 2013 
300 |a 44 s. 
100 1 |a Regásková, Denisa 
700 1 |a Melicherová, Ingrid, 1971- 
710 2 |a Fakulta hospodárskej informatiky EU. Katedra účtovníctva a audítorstva